000 00323nam a22001457a 4500
008 230516b ||||| |||| 00| 0 eng d
020 _a9781111522483
041 _aeng
080 _2SECTION 1
_a82
082 _a82STE
100 _a38
101 _aEDU
245 _aTHEATRE APPRECIATION
_cSTEPHENS .J
942 _2udc
_cBK
999 _c59730
_d59730